Name 6-Letter Words Containing Each Letter A-Z - Statistics

General Stats
  • This quiz has been taken 18,103 times
  • The average score is 413 of 648
Answer Stats
Starts With Contains # Possible Example Words % Correct
A A 854 always
97%
B B 1113 before
96%
A S 378 always
94%
C C 1335 called
94%
A E 401 answer
93%
B A 447 became
93%
B E 700 before
93%
D D 835 during
93%
C A 584 called
92%
C E 697 called
92%
F F 723 father
92%
B R 432 before
91%
C R 531 course
91%
C S 558 course
91%
D E 580 desire
91%
G G 697 ground
91%
H H 592 having
91%
A R 300 answer
90%
B S 407 beside
90%
E E 465 enough
90%
F E 443 father
90%
H E 391 horses
90%
M M 825 moment
90%
P P 1085 people
90%
S S 1848 should
90%
A L 263 always
89%
B N 271 behind
89%
D A 304 danger
89%
D R 307 during
89%
F R 293 father
89%
G E 414 garden
89%
L L 661 little
89%
T T 930 though
89%
A N 272 answer
88%
A T 226 almost
88%
B O 371 before
88%
C O 553 course
88%
G A 319 garden
88%
G R 290 ground
88%
J J 219 joined
88%
M E 476 moment
88%
P E 658 people
88%
R R 961 rather
88%
S E 992 seemed
88%
B D 259 behind
87%
B I 321 behind
87%
B L 317 battle
87%
C L 371 called
87%
D S 291 desire
87%
F A 264 father
87%
F I 270 friend
87%
F S 272 forest
87%
H A 273 having
87%
L E 444 little
87%
N N 305 nature
87%
S A 741 saying
87%
W W 472 within
87%
A C 141 across
86%
A I 320 action
86%
C N 310 cannot
86%
D N 216 during
86%
E S 200 easily
86%
G S 257 genius
86%
I I 294 indeed
86%
J E 137 joined
86%
P A 433 passed
86%
T E 547 turned
86%
A D 178 around
85%
A O 218 almost
85%
B K 101 broken
85%
B T 221 better
85%
C I 380 coming
85%
D I 322 during
85%
E A 134 easily
85%
E R 156 either
85%
E T 151 either
85%
F L 297 family
85%
H R 200 hardly
85%
K K 295 killed
85%
O O 341 others
85%
Q Q 88 quoted
85%
Q U 83 quoted
85%
R E 750 rather
85%
S R 616 spirit
85%
S T 563 spirit
85%
T A 345 taking
85%
T R 419 turned
85%
T S 361 things
85%
W E 316 wanted
85%
B G 144 bright
84%
C D 206 called
84%
C H 276 change
84%
C T 274 cannot
84%
F N 159 friend
84%
L A 311 latter
84%
L S 244 leaves
84%
M A 377 matter
84%
M O 260 moment
84%
N E 191 nature
84%
O E 168 others
84%
P L 334 people
84%
P R 411 person
84%
P S 400 passed
84%
R A 368 rather
84%
V V 286 virtue
84%
W A 197 wanted
84%
B C 91 became
83%
B U 263 beauty
83%
D O 269 domain
83%
F D 151 friend
83%
F O 212 fellow
83%
F T 154 father
83%
H S 181 horses
83%
L R 192 letter
83%
M N 220 moment
83%
M S 337 myself
83%
Q S 36 quotes
83%
S I 568 spirit
83%
W R 167 wonder
83%
A B 109 abroad
82%
A G 129 agreed
82%
A M 160 almost
82%
A P 69 appear
82%
E N 167 enough
82%
G N 189 ground
82%
G O 226 ground
82%
H N 137 having
82%
H O 211 horses
82%
I N 182 indeed
82%
J A 84 jacket
82%
L I 268 little
82%
M I 328 making
82%
M R 241 mother
82%
P I 405 public
82%
P O 350 people
82%
R S 340 reason
82%
S L 464 should
82%
T I 341 things
82%
Y Y 103 yellow
82%
Z Z 87 zenith
82%
A U 154 around
81%
C U 293 course
81%
F G 86 figure
81%
G L 218 glance
81%
I S 122 itself
81%
K E 148 killed
81%
L O 176 looked
81%
O R 116 others
81%
Q E 33 quoted
81%
R I 323 raised
81%
S N 460 second
81%
S O 467 should
81%
U U 359 united
81%
W I 210 within
81%
W S 156 wished
81%
Z E 52 zenith
81%
C B 79 combat
80%
C M 163 coming
80%
D T 169 doctor
80%
E I 159 either
80%
G D 149 ground
80%
G I 222 giving
80%
G T 136 gentle
80%
H D 160 hardly
80%
H I 172 having
80%
H T 111 health
80%
I E 162 indeed
80%
K I 119 killed
80%
N A 117 nature
80%
N I 130 notice
80%
P N 305 person
80%
R O 274 reason
80%
S D 311 should
80%
B H 87 behind
79%
D C 96 doctor
79%
D G 107 during
79%
H L 159 hardly
79%
J R 68 jersey
79%
L N 217 longer
79%
M L 217 myself
79%
O N 90 opened
79%
O S 154 others
79%
R D 223 raised
79%
S U 350 should
79%
T N 250 things
79%
U E 173 united
79%
V E 176 virtue
79%
A F 27 afraid
78%
D L 172 deeply
78%
D U 157 during
78%
E G 61 enough
78%
E L 114 easily
78%
F C 93 french
78%
F H 43 father
78%
F U 166 future
78%
H U 98 honour
78%
J S 73 judges
78%
L D 134 looked
78%
L G 119 longer
78%
L T 139 little
78%
M T 198 moment
78%
P C 113 public
78%
P T 267 pretty
78%
R N 224 return
78%
R T 244 rather
78%
S C 276 second
78%
S H 328 should
78%
T L 190 twelve
78%
T O 283 though
78%
V I 132 virtue
78%
W D 132 wanted
78%
W T 98 within
78%
Y E 72 yellow
78%
C G 82 coming
77%
C K 83 cooked
77%
C P 149 copies
77%
D B 62 double
77%
H G 67 having
77%
J K 24 jacket
77%
J O 66 joined
77%
J U 70 judges
77%
K N 93 knight
77%
M D 182 medium
77%
N S 107 nights
77%
P D 193 passed
77%
Q A 43 quaint
77%
Q T 28 quoted
77%
T U 191 though
77%
U S 138 unless
77%
V A 122 valley
77%
W L 125 walked
77%
W N 123 within
77%
B F 44 before
76%
D K 62 darker
76%
D M 114 domain
76%
I D 74 indeed
76%
M U 196 medium
76%
N R 81 nature
76%
N T 77 nature
76%
P U 212 public
76%
S P 341 spirit
76%
T G 91 though
76%
T H 164 though
76%
V S 119 vessel
76%
W O 94 window
76%
Z A 43 zigzag
76%
A W 32 always
75%
C F 40 coffee
75%
E D 98 endure
75%
J I 70 joined
75%
N L 70 nearly
75%
N O 105 notice
75%
Q I 36 quaint
75%
S K 209 struck
75%
T K 71 taking
75%
W H 112 within
75%
Z R 27 zephyr
75%
B M 101 became
74%
B W 68 bestow
74%
E C 89 effect
74%
K S 135 kissed
74%
M G 97 making
74%
R B 89 robbed
74%
R C 112 record
74%
R G 111 regard
74%
R U 170 return
74%
S G 163 strong
74%
T C 99 thence
74%
U N 228 united
74%
A H 70 author
73%
A V 40 active
73%
C Y 180 comply
73%
D F 51 defend
73%
E O 119 enough
73%
F B 30 feeble
73%
F K 43 fickle
73%
F M 75 family
73%
G B 59 goblet
73%
G U 132 ground
73%
I T 87 itself
73%
J C 18 jacket
73%
J D 53 joined
73%
J G 45 judges
73%
J L 47 justly
73%
L U 144 labour
73%
M K 59 making
73%
O A 103 obtain
73%
R L 203 really
73%
S M 213 seemed
73%
T D 147 turned
73%
V L 92 valley
73%
V O 81 voices
73%
Y O 33 yellow
73%
C V 64 clever
72%
C W 44 crowds
72%
D P 66 deeply
72%
E H 53 enough
72%
H K 52 hooked
72%
J N 63 joined
72%
K L 83 killed
72%
L C 79 locked
72%
L K 39 looked
72%
N B 29 number
72%
N G 36 nights
72%
O T 120 others
72%
T B 58 tribes
72%
U R 118 upward
72%
D V 41 divine
71%
G M 91 gloomy
71%
I O 72 income
71%
L B 40 labour
71%
L M 84 limits
71%
L V 43 living
71%
N D 70 needed
71%
P K 72 pocket
71%
S W 130 slowly
71%
V R 118 virtue
71%
Y A 52 yearly
71%
F Y 101 family
70%
H C 36 heroic
70%
H M 79 humble
70%
I A 74 island
70%
I C 57 inches
70%
I R 84 injury
70%
J T 39 justly
70%
L H 53 length
70%
M C 91 malice
70%
Q R 26 quiver
70%
S B 84 submit
70%
S Y 287 saying
70%
U L 92 unless
70%
V N 75 vision
70%
W K 43 walked
70%
Y L 20 yellow
70%
G H 45 growth
69%
H B 30 habits
69%
H P 56 happen
69%
H V 23 having
69%
I L 59 itself
69%
K R 79 keeper
69%
M B 20 member
69%
M H 79 mother
69%
N C 45 notice
69%
O I 136 office
69%
S V 106 silver
69%
U I 111 united
69%
Z S 24 zounds
69%
B Y 146 beyond
68%
F W 21 fellow
68%
G P 50 groups
68%
G V 31 giving
68%
I G 30 images
68%
J M 20 jumped
68%
M Y 97 myself
68%
O D 56 opened
68%
O G 51 origin
68%
P H 108 phrase
68%
Q K 10 quaker
68%
R H 83 rather
68%
R M 117 remain
68%
V T 66 virtue
68%
W G 57 weight
68%
Y S 36 yachts
68%
B P 40 bishop
67%
B Z 47 breeze
67%
D H 50 depths
67%
D W 42 drawer
67%
E B 31 enable
67%
E U 70 enough
67%
N H 29 nights
67%
N U 66 nature
67%
O L 87 online
67%
P G 91 paying
67%
P Y 160 pretty
67%
Q C 9 quench
67%
Q N 21 quaint
67%
S F 69 suffer
67%
T M 104 temper
67%
T P 108 troops
67%
U D 67 united
67%
B V 17 behave
66%
J B 23 jumble
66%
K A 114 karate
66%
K D 52 killed
66%
N M 31 number
66%
O C 63 office
66%
O P 36 opened
66%
P B 21 public
66%
R F 69 refund
66%
R K 62 remark
66%
T W 63 toward
66%
U T 89 united
66%
E V 34 events
65%
G C 34 glance
65%
G F 28 gifted
65%
K T 54 knight
65%
L Y 76 likely
65%
R V 52 remove
65%
Z I 45 zenith
65%
A K 41 attack
64%
D Y 104 deeply
64%
E X 65 except
64%
G Y 109 gently
64%
I M 72 income
64%
L P 62 leaped
64%
R P 104 report
64%
U A 123 unable
64%
E M 71 empire
63%
F V 15 favour
63%
O U 91 occupy
63%
P M 83 permit
63%
P W 32 powers
63%
Q L 12 quills
63%
W B 16 warble
63%
Y R 34 yonder
63%
Z B 10 zombie
63%
E F 15 effect
62%
E Y 51 easily
62%
G W 22 growth
62%
L W 17 lawyer
62%
M P 40 mishap
62%
M V 16 moving
62%
V D 53 varied
62%
W C 28 wicked
62%
A Y 73 always
61%
G Z 24 gazing
61%
K O 72 knotty
61%
M W 18 morrow
61%
O F 18 office
61%
P F 25 profit
61%
T Y 103 twenty
61%
Y D 33 yonder
61%
Z O 35 zodiac
61%
F Z 34 frozen
60%
J P 18 jumped
60%
L F 18 lifted
60%
M F 20 myself
60%
Y N 30 yonder
60%
A Z 22 ablaze
59%
B X 17 boxing
59%
D Z 15 dozens
59%
E P 59 except
59%
H Y 72 hardly
59%
K C 20 kicker
59%
N K 16 napkin
59%
O B 37 object
59%
U P 103 upward
59%
W F 23 wilful
59%
E Q 7 equals
58%
R W 50 reward
58%
V C 24 voices
58%
V G 38 voyage
58%
Y W 12 yellow
58%
O Y 43 obeyed
57%
P V 27 proved
57%
S Q 26 square
57%
U C 43 urchin
57%
Y T 17 yachts
57%
C Z 16 cozily
56%
F X 17 fixing
56%
H Z 17 hazard
56%
K G 21 knight
56%
N P 19 nephew
56%
S Z 30 seized
56%
W V 24 wolves
56%
L Z 11 lazily
55%
T V 14 twelve
55%
V U 48 virtue
55%
W M 36 wisdom
55%
H W 23 hollow
54%
O H 34 others
54%
P Z 21 puzzle
54%
T F 28 trifle
54%
F P 14 fillip
53%
I U 51 issued
53%
M X 15 matrix
53%
N V 15 native
53%
T X 17 thorax
53%
U O 71 utmost
53%
Z D 18 zodiac
53%
E J 4 enjoys
52%
H F 13 heifer
52%
M Z 27 muzzle
52%
Q O 16 quoted
52%
Y U 19 youths
52%
Z N 30 zenith
52%
Z P 5 zephyr
52%
C X 16 climax
51%
J W 9 jewels
51%
S X 29 sexual
51%
V W 7 viewed
51%
W P 31 weapon
51%
I F 19 itself
50%
I H 20 inches
50%
I P 34 import
50%
N Y 34 nearly
50%
R Y 71 really
50%
W Y 63 worthy
50%
I B 21 inborn
49%
J Y 24 justly
49%
J Z 5 jazzed
49%
U B 33 unable
49%
V Y 28 valley
49%
X E 8 xenial
49%
X X 15 xenial
49%
A J 9 adjoin
48%
I V 9 invite
48%
K H 38 knight
48%
K Y 30 kindly
48%
O V 21 octave
48%
U M 41 utmost
48%
W X 4 waxing
48%
X S 12 xenons
48%
J V 6 jovial
47%
O W 12 owners
47%
Q V 3 quiver
47%
R Z 13 resize
47%
U G 35 urgent
47%
V M 22 volume
47%
V P 9 vapour
47%
H X 15 hoaxed
46%
I K 15 invoke
46%
Y C 10 yachts
46%
Y H 5 yachts
46%
Z G 13 zigzag
46%
A X 29 axioms
45%
K P 32 keeper
45%
Z T 16 zenith
45%
K B 33 knobby
44%
N W 15 narrow
43%
X N 5 xenial
43%
Y G 9 yogurt
43%
B J 5 banjos
42%
K V 12 knives
42%
O X 18 oxford
42%
P Q 5 piquet
42%
V X 8 vortex
42%
Y P 19 yapped
42%
E W 12 eschew
41%
G K 12 gasket
41%
I J 4 injury
41%
Q F 2 quaffs
41%
X O 6 xenons
41%
Y K 18 yanked
41%
Z M 8 zombie
41%
C Q 11 cheque
40%
K F 13 knifed
40%
O Z 8 oozing
40%
P X 23 prefix
40%
U H 32 uphold
40%
B Q 6 basque
39%
Q M 3 quorum
39%
U F 18 useful
39%
W Z 10 wizard
39%
A Q 1 acquit
38%
M J 7 majors
38%
Q Y 11 quarry
38%
W U 26 wounds
38%
C J 3 cajole
37%
T Q 5 torque
37%
U V 13 uneven
37%
H J 10 hijack
36%
L Q 3 liquid
36%
M Q 5 mosque
35%
N Z 4 nozzle
35%
Y I 21 yields
35%
J H 11 joshed
34%
K W 11 knowns
34%
R J 7 reject
34%
R Q 4 risque
34%
U K 34 unlike
34%
U W 29 upward
34%
O M 41 omelet
33%
L X 10 luxury
32%
F J 6 fjords
30%
J X 2 jinxed
30%
V B 7 verbal
29%
D J 7 deject
28%
I W 9 inward
28%
I Y 9 injury
28%
Z H 8 zenith
28%
O J 3 object
27%
O K 10 oinked
27%
Q D 5 quoted
27%
Q H 9 quench
27%
U Q 4 unique
27%
D X 13 dexter
26%
Q Z 3 quartz
26%
U J 2 unjust
26%
O Q 1 opaque
25%
Z L 10 zealot
25%
U Y 18 uneasy
24%
Y B 4 yabber
24%
Y M 6 yeoman
24%
K M 24 kimono
23%
N J 1 ninjas
23%
V Z 5 vizier
23%
X Y 11 xylems
23%
E K 14 embark
22%
E Z 6 eczema
22%
V K 5 viking
22%
Z Y 13 zephyr
22%
K Z 10 kwanza
21%
P J 6 pyjama
21%
U Z 3 unzips
21%
V F 5 verify
21%
X L 8 xenial
21%
Z C 11 zodiac
21%
I X 7 influx
20%
Q P 3 quippy
20%
Q G 6 quahog
19%
N F 8 notify
18%
K U 44 kickup
17%
G J 4 ganjas
16%
J F 3 joyful
16%
X M 1 xylems
16%
F Q 3 fiques
15%
G X 1 galaxy
15%
U X 7 unisex
15%
V H 2 vanish
15%
N X 3 nixing
14%
R X 5 reflex
13%
K X 1 klaxon
12%
X A 3 xenial
12%
X I 4 xenial
12%
Z K 5 zonked
12%
I Z 3 iodize
10%
Z U 5 zounds
10%
Q W 1 qwerty
9%
T Z 8 tweeze
9%
V J 1 veejay
9%
X T 4 xystus
9%
K J 2 kanjis
8%
Q B 3 qubits
8%
X R 1 xyster
8%
Y F 1 yaffed
8%
D Q 1 diquat
7%
L J 1 logjam
7%
X B 1 xebecs
7%
X C 1 xebecs
7%
Y Q 1 yanqui
6%
Y Z 2 yakuza
6%
Z F 6 zaffer
6%
S J 7 sajous
5%
T J 2 trijet
5%
Z V 1 zouave
4%
X D 1 xyloid
3%
X U 1 xystus
3%
No matching quizzes found
Score Distribution
Percent of People with Each Score
Percentile by Number Answered
Your Score History
You have not taken this quiz